000 00601nam a2200241Ia 4500
003 OSt
005 20220924151340.0
006 a|||||r|||| 00| 0
007 ta
008 220923b |||||||| |||| 00| 0 tel d
020 _c3.00
024 _a337284
037 _cTextual
040 _aARTS
_cARTS
_btel
041 _2tel
_atel
082 _aO35,3NUI2,2, K5
100 _aVahana Vihari Sali
_9224068
245 0 _aVasantharayalu
260 _c1965
650 _aTELUGU FICTION
942 _hO35,3NUI2,2, K5
_cTEXL
_2CC
999 _c466267
_d466267